| 000 | 00657nam a2200181Ia 4500 | ||
|---|---|---|---|
| 003 | IN-BaIIA | ||
| 008 | 211028s9999 xx s 000 0 eng d | ||
| 020 | _a9781510612211 (Print) | ||
| 020 | _a9781510612228 (Online) | ||
| 040 | _cIIA Library | ||
| 100 |
_aYin, Shizhuo, ed. _932068 |
||
| 245 | 0 |
_aPhotonic Fiber and Crystal Devices: Advances in Materials and Innovations in Device Applications XI _h[eBook] |
|
| 260 |
_aWashington, USA _bSPIE _c2017 |
||
| 300 | _aOnline resource | ||
| 490 | _aProceedings of SPIE; V. 10382 | ||
| 856 |
_uhttps://www.spiedigitallibrary.org/conference-proceedings-of-spie/10382 _yClick Here to Access eBook |
||
| 942 | _cEB | ||
| 999 |
_c30896 _d30896 |
||